| 000 | 00767nam a22002177a 4500 | ||
|---|---|---|---|
| 005 | 20230505073355.0 | ||
| 008 | 230505b |||||||| |||| 00| 0 eng d | ||
| 020 | _a978-621-04-2214-6 | ||
| 082 | _aFil. 371.952 P339 2021 | ||
| 100 |
_aPawilen, Greg T. _eauthor |
||
| 245 |
_aA course module for understanding gifted and talented learners / _cGreg Tabios Pawilen, Albert Napoleon J. Roldan |
||
| 260 |
_aManila: _bRex Book Store, _cc2021 |
||
| 300 |
_avi, 195p.: _bill. |
||
| 490 | _aTeach series | ||
| 504 | _aIncludes bibliographical references and index | ||
| 541 | _e7050 c.1, 7051 c.2, 7052 c.3 | ||
| 650 | _aMainstreaming in education | ||
| 650 | _aGifted children - Education | ||
| 650 | _aSpecial education | ||
| 700 |
_aRoldan, Albert Napoleon J. _eauthor |
||
| 999 |
_c2120 _d2120 |
||